| Tag |
First Indicator |
Second Indicator |
Subfields |
| LEADER |
00000cam a2200000 a 4500 |
| 001 |
in00001452813 |
| 005 |
20151021050528.0 |
| 008 |
990104s1998 xx a b 100 0 eng d |
| 010 |
|
|
|a 98088300
|
| 020 |
|
|
|a 1880250071
|
| 035 |
|
|
|a (OCoLC)40566087
|
| 035 |
|
|
|9 AJD4115AM
|
| 040 |
|
|
|a ORU
|c ORU
|d TXA
|d UtOrBLW
|
| 049 |
|
|
|a TXAM
|
| 090 |
|
|
|a NA2728
|b .A23 1998
|
| 111 |
2 |
|
|a ACADIA '98 (1998 :
|c (Québec, Quebec)
|
| 245 |
1 |
0 |
|a Digital design studios :
|b do computers make a difference? : Acadia '98, Québec City, Canada, October 22-25, 1998 /
|c editors, Thomas Seebohm, Skip Van Wyk.
|
| 246 |
1 |
8 |
|a ACADIA '98 :
|b digital design studios
|
| 264 |
|
1 |
|a [Place of publication not identified] :
|b [Association for Computer Aided Design in Architecture],
|c [1998?]
|
| 300 |
|
|
|a ix, 383 pages :
|b illustrations ;
|c 28 cm.
|
| 336 |
|
|
|a text
|b txt
|2 rdacontent
|
| 337 |
|
|
|a unmediated
|b n
|2 rdamedia
|
| 338 |
|
|
|a volume
|b nc
|2 rdacarrier
|
| 504 |
|
|
|a Includes bibliographical references.
|
| 500 |
|
|
|a Cover title.
|
| 650 |
|
0 |
|a Architectural design
|x Data processing
|v Congresses.
|
| 650 |
|
0 |
|a Computer-aided design
|v Congresses.
|
| 700 |
1 |
|
|a Seebohm, Thomas M.
|
| 700 |
1 |
|
|a Van Wyk, Skip.
|
| 710 |
2 |
|
|a Association for Computer-Aided Design in Architecture.
|
| 948 |
|
|
|a c:jls
|
| 999 |
|
|
|a MARS
|
| 999 |
f |
f |
|s 25ca908d-b2cf-3fe9-bd72-ec01db50ed2f
|i 6f628c0d-8e22-338a-98c1-f24e74b48695
|t 0
|
| 952 |
f |
f |
|p ric
|a Texas A&M University
|b Rellis Campus
|c Joint Library Facility
|d Remote Storage
|t 0
|e NA2728 .A23 1998
|h Library of Congress classification
|i unmediated -- volume
|m A14850238370
|
| 998 |
f |
f |
|a NA2728 .A23 1998
|t 0
|l Remote Storage
|